LEADER 00973nam0-22003491i-450- 001 990007946030403321 005 20041110112226.0 010 $a88-453-1195-3 035 $a000794603 035 $aFED01000794603 035 $a(Aleph)000794603FED01 035 $a000794603 100 $a20041110d2003----km-y0itay50------ba 101 0 $aita 102 $aIT 105 $aa---a---001yy 200 1 $aImpresa di assicurazione e strategie di valore$fLuigi Selleri 205 $a1. ed. 210 $aMilano$cETAS libri$dc2003 215 $aXXIV, 363 p.$d24 cm 225 1 $aManagement 610 0 $aCompagnie di assicurazione$aGestione 676 $a368.0068 700 1$aSelleri,$bLuigi$0105427 801 0$aIT$bUNINA$gRICA$2UNIMARC 901 $aBK 912 $a990007946030403321 952 $aAZEGI68A$b16318A$fDECBC 952 $aAZEGI68B$b16318B$fDECBC 959 $aDECBC 996 $aImpresa di assicurazione e strategie di valore$9749102 997 $aUNINA LEADER 04567nam 22006491 450 001 9910511752203321 005 20200514202323.0 010 $a1-84946-994-6 010 $a1-84946-992-X 024 7 $a10.5040/9781849469944 035 $a(CKB)3710000000595895 035 $a(EBL)4405819 035 $a(SSID)ssj0001614486 035 $a(PQKBManifestationID)16341544 035 $a(PQKBTitleCode)TC0001614486 035 $a(PQKBWorkID)14822861 035 $a(PQKB)10534334 035 $a(MiAaPQ)EBC4405819 035 $a(OCoLC)938557140 035 $a(UtOrBLW)bpp09259985 035 $a(EXLCZ)993710000000595895 100 $a20160818d2016 uy 0 101 0 $aeng 135 $aur|n|---||||| 181 $ctxt 182 $cc 183 $acr 200 00$aPublic law adjudication in common law systems $eprocess and substance /$f[edited by] John Bell, Mark Elliott, Jason NE Varuhas and Philip Murray 210 1$aOxford ;$aPortland, Oregon :$cHart Publishing,$d2016. 215 $a1 online resource (445 p.) 300 $aContributions based on a Public Law conference in September 2014 at the University of Cambridge. 311 $a1-5099-2445-0 311 $a1-84946-991-1 320 $aIncludes bibliographical references and index. 327 $aPublic reason and administrative legitimacy -- Jerry L. Mashaw -- Administrative law : a values-based approach -- Paul Daly -- The public interest conception of public law : its procedural origins and substantive implications -- Jason N.E. Varuhas -- Process, substance and the history of error of law review -- Philip Murray -- The growth of substantive review : the changes, their causes and their consequences -- Mark Aronson -- 'Blasphemy against basics' : doctrine, conceptual reasoning and certain decisions of the UK Supreme Court -- Christopher Forsyth -- The legitimacy of expectations about fairness : can process and substance be untangled? -- Matthew Groves and Greg Weeks -- Judicial review of delegated legislation : why favour substantive review over procedural review? -- Andrew Edgar -- Transubstantiation in Canadian public law : processing substance and instantiating process -- Mary Liston -- Is judicial review qualitative? -- Alan Robertson -- Remedies for laws that violate human rights -- Kent Roach -- 'Striking back' and 'clamping down' : an alternative perspective on judicial review -- Carol Harlow and Richard Rawlings -- The use and effects of judicial review : assumptions and the empirical evidence -- Maurice Sunkin and Varda Bondy -- Common law public law : some comparative reflections -- Cheryl Saunders -- Comparison, realism and theory in public law -- David Feldman. 330 8 $aThis volume arises from the inaugural Public Law Conference hosted in September 2014 by the Centre for Public Law at the University of Cambridge, which brought together leading public lawyers from a number of common law jurisdictions. While those from such jurisdictions share background understandings, significant differences within the common law world create opportunities for valuable exchanges of ideas and debate. This collection draws upon one of the principal sub-themes that emerged during the conference - namely, the the way in which relationships and distinctions between the notions of 'process' and 'substance' play out in relation to and inform adjudication in public law cases. The essays contained in this volume address those issues from a variety of perspectives. While the bulk of the chapters consider topical issues in judicial review, either on common law or human rights grounds, or both, other chapters adopt more theoretical, historical, empirical or contextual approaches. Concluding chapters reflect generally on the papers in the collection and the value of facilitating cross-jurisdictional dialogue 606 $aAdministrative law$vCongresses 606 $aCommon law$vCongresses 606 $aComparative law$vCongresses 606 $aPublic law$vCongresses 606 $2Constitutional & administrative law 615 0$aAdministrative law 615 0$aCommon law 615 0$aComparative law 615 0$aPublic law 676 $a340.5/7 702 $aBell$b John$f1953- 702 $aElliott$b Mark$f1975- 702 $aMurray$b Philip$c(Law teacher), 702 $aVaruhas$b Jason 801 0$bUtOrBLW 801 1$bUtOrBLW 801 2$bUkLoBP 906 $aBOOK 912 $a9910511752203321 996 $aPublic law adjudication in common law systems$92550495 997 $aUNINA LEADER 02178nas 2200433 n 450 001 990008992890403321 005 20240229084617.0 011 $a0022-4367 035 $a000899289 035 $aFED01000899289 035 $a(Aleph)000899289FED01 035 $a000899289 091 $2CNR$aP 00047245 100 $a20161109a19649999km-y0itaa50------ba 101 0 $aeng 102 $aUS 110 $aauu-------- 200 1 $a<>Journal of risk and insurance 207 1$a1964- 210 $aSalt lake city$cAmerican Risk and Insurance Association. 326 $aTrimestrale 452 0$12001$aThe Journal of risk and insurance 530 0 $a<>Journal of risk and insurance 675 $a368 676 $a368/.973 712 02$aAmerican Risk and Insurance Association 801 0$aIT$bACNP$c20090723 859 4 $uhttp://acnp.cib.unibo.it/cgi-ser/start/it/cnr/dc-p1.tcl?catno=32422&person=false&language=ITALIANO&libr=&libr_th=unina1$zBiblioteche che possiedono il periodico 901 $aSE 912 $a990008992890403321 958 $aBiblioteca. Dipartimento Matematico Statistico dell'Università Federico II. Napoli$b1964-1967;1969-1974;1979-1980;1983-1986;1988-$c1964;1966;$eSRM Sc.X p.5-6$fMAS 958 $aBiblioteca Centrale della Facoltà di Giurisprudenza dell'Università di Napoli Federico II$b1986-1988;1993-1996;$c1993;$ePer. est. 692 (ECO POL)$fFGBC 959 $aMAS 959 $aFGBC 996 $aJournal of risk and insurance$9794216 997 $aUNINA AP1 8 $6866-01$aNA036 Biblioteca. Dipartimento Matematico Statistico dell'Università Federico II. Napoli$bSRM Sc.X p.5-6$cCDD 519.5$eV. Cintia-Complesso Universitario Monte, 80126 S. Angelo Napoli (NA)$m(081) 675175/76 - 081675011$m081675009$nit AP1 8 $6866-02$aNA073 Biblioteca Centrale della Facoltà di Giurisprudenza dell'Università di Napoli Federico II$bPer. est. 692 (ECO POL)$eCorso Umberto I, 80138 Napoli (NA)$m0812537531/33$m0812537532$nit AP2 40$aacnp.cib.unibo.it$nACNP Italian Union Catalogue of Serials$uhttp://acnp.cib.unibo.it/cgi-ser/start/it/cnr/df-p.tcl?catno=32422&language=ITALIANO&libr=&person=&B=1&libr_th=unina&proposto=NO